Leading todays funerals: (Record no. 17337)

000 -LEADER
fixed length control field 00880nam a2200229 a 4500
001 - CONTROL NUMBER
control field :::00021237$&:&@@
003 - CONTROL NUMBER IDENTIFIER
control field OkBaRHE
005 - DATE AND TIME OF LATEST TRANSACTION
control field 20110401155357.0
008 - FIXED-LENGTH DATA ELEMENTS--GENERAL INFORMATION
fixed length control field s1997 g 000 0 eng u
020 ## - INTERNATIONAL STANDARD BOOK NUMBER
International Standard Book Number 0801090326
040 ## - CATALOGING SOURCE
Transcribing agency
100 1# - MAIN ENTRY--PERSONAL NAME
Personal name Lloyd, Dan S, (Daniel Scott) , 1958-
9 (RLIN) 821
245 10 - TITLE STATEMENT
Title Leading todays funerals:
Remainder of title a pastoral guide for improving bereavment ministry
250 ## - EDITION STATEMENT
Edition statement 2nd Printing 1998
260 ## - PUBLICATION, DISTRIBUTION, ETC. (IMPRINT)
Place of publication, distribution, etc Grand Rapids, Michigan
Name of publisher, distributor, etc Baker Books
Date of publication, distribution, etc 1997
300 ## - PHYSICAL DESCRIPTION
Extent Includes bibliographical references (p123) 123p ;
Dimensions 22cm
650 ## - SUBJECT ADDED ENTRY--TOPICAL TERM
Topical term or geographic name as entry element Bereavment-Religous aspects-Christianity
9 (RLIN) 822
650 ## - SUBJECT ADDED ENTRY--TOPICAL TERM
Topical term or geographic name as entry element Church work with the bereaved
9 (RLIN) 823
650 ## - SUBJECT ADDED ENTRY--TOPICAL TERM
Topical term or geographic name as entry element Funeral service
9 (RLIN) 824
942 ## - ADDED ENTRY ELEMENTS (KOHA)
Source of classification or shelving scheme
Koha item type Books
Copies
Barcode Date checked out Date last seen Current Location Permanent Location Shelving location Not for loan Withdrawn status Koha item type Lost status Source of classification or shelving scheme Full call number Date acquired Total Checkouts Copy number Damaged status Price effective from
000212372011-03-182011-04-01RHEMA Bible Training CollegeRHEMA Bible Training CollegeGeneral Stacks  Books  BV 199 .F8 L552010-04-1411 2010-04-14
221402019-10-302019-10-30RHEMA Bible Training CollegeRHEMA Bible Training CollegeGeneral Stacks  Books  BV 199 .F8 L552011-10-0712 2011-10-07
22141 2011-10-07RHEMA Bible Training CollegeRHEMA Bible Training CollegeGeneral Stacks  Books  BV 199 .F8 L552011-10-07 3 2011-10-07